Lord of the Rings First 10 Hobbits Named - Statistics

General Stats
  • This quiz has been taken 108 times
    62 since last reset
  • The average score is 4 of 10
Answer Stats
Hint Answer % Correct
1 Bilbo
100%
2 Frodo
98%
5 Samwise
96%
4 Hamfast
41%
9 Drogo
35%
3 Old Took
29%
10 Primula
12%
8 Daddy Twofoot
4%
7 Noakes
4%
6 Holman
2%
No matching quizzes found
Score Distribution
Percent of People with Each Score
Percentile by Number Answered
Your Score History
You have not taken this quiz since the last reset